| 000 | | | 09300cac2a2200481 x 450 |
| 001 | | | ce5c1568c0db4c618aa7d6fc192bf805 |
| 005 | | | 20170420110316.0 |
| 100 | ## | $a | 20130703l19111911k##a0rusy0189 ca |
| 101 | 0# | $a | rus |
| 102 | ## | $a | RU |
| 105 | ## | $a | y###z###||||| |
| 122 | 2# | $a | d19091124## |
| | $a | d19110809## |
| 200 | 1# | $a | Дело об оставлении без осуществления протеста русского правительства правительству Северо- Американских Соединенных штатов по поводу распоряжения Министерства финансов САСШ об обложении дополнительной таможенной пошлиной древесной массы для выделки бумаги и бумаги, вывозимых их Финляндии, и о разработке единых для России и Финляндии таможенных правил. Брошюра: «Материалы по вопросу о таможенном законодательстве в Финляндии», СПБ, 1910 г. (л. 138-157). Трактат о торговле и мореплавании, заключенный между Россией и САСШ 6-18 декабря 1832 г. Копия. (л. 17-23, 34-40) |
| | $j | 24 ноября 1909 г. - 9 августа 1911 г. |
| 215 | ## | $a | 164 листа |
| 225 | 0# | $a | Фонд Совета Министров (1905-1917) |
| | $h | Опись № 18 |
| 300 | ## | $a | Оригинальный заголовок дела: Дело Канцелярии Совета Министров. По экспедиции. По поводу последовавшего распоряжения Правительства Американских Соединенных Штатов об установлении для вывозимых из Финляндии древесной для выделки бумаги массы и бумаги для печати дополнительных таможенных пошлин : 24 ноября 1909 г. - 9 августа 1911 г. |
| 300 | ## | $a | Печатный текст |
| 330 | ## | $a | Дело содержит многочисленные документы, связанные с российско-американскими торговыми отношениями и с таможенной политикой на территории Финляндии |
| 517 | 1# | $a | Дело Канцелярии Совета Министров. По экспедиции. По поводу последовавшего распоряжения Правительства Американских Соединенных Штатов об установлении для вывозимых из Финляндии древесной для выделки бумаги массы и бумаги для печати дополнительных таможенных пошлин |
| | $e | 24 ноября 1909 г. - 9 августа 1911 г. |
| 532 | 02 | $a | Дело об оставлении без осуществления протеста русского правительства правительству Северо- Американских Соединенных штатов по поводу распоряжения Министерства финансов Северо-Американских Соединенных Штатов об обложении дополнительной таможенной пошлиной древесной массы для выделки бумаги и бумаги, вывозимых их Финляндии, и о разработке единых для России и Финляндии таможенных правил. Брошюра: «Материалы по вопросу о таможенном законодательстве в Финляндии», Санкт-Петербург, 1910 год (л. 138-157). Трактат о торговле и мореплавании, заключенный между Россией и Северо-Американскими Соединенными Штатами 6-18 декабря 1832 г. Копия. (л. 17-23, 34-40) |
| 605 | ## | $2 | acquisition_Prlib |
| | $3 | LIBNET\UAF\0000019082 |
| | $a | Развитие внешней торговли России: история и современное состояние |
| | $l | коллекция |
| 605 | ## | $2 | acquisition_Prlib |
| | $3 | DITM\AF\0000002775 |
| | $a | Власть |
| | $l | коллекция |
| 605 | ## | $2 | acquisition_Prlib |
| | $3 | DITM\AF\0000004675 |
| | $a | Территория |
| | $l | коллекция |
| 605 | ## | $a | Российское государство и экономика |
| | $l | коллекция |
| | $2 | acquisition_Prlib |
| | $3 | LIBNET\UAF\0000066520 |
| 606 | 1# | $2 | prlib_sh |
| | $3 | LIBNET\UAF\0000019505 |
| | $a | Таможенная политика |
| | $y | Россия |
| | $z | 1894-1917 |
| | $j | Документы и материалы |
| 606 | 1# | $2 | nlr_sh1 |
| | $3 | RU\NLR\AUTH\66412160 |
| | $a | Древесная масса |
| | $x | Торговля |
| | $j | Документы и материалы |
| 606 | 1# | $2 | nlr_sh1 |
| | $3 | RU\NLR\AUTH\66162495 |
| | $a | Бумага |
| | $x | Внешняя торговля |
| | $j | Документы и материалы |
| 606 | 1# | $2 | prlib_sh |
| | $3 | LIBNET\UAF\0000020292 |
| | $a | Таможенное право |
| | $x | История |
| | $y | Финляндия |
| | $j | Документы и материалы |
| 607 | ## | $2 | prlib_sh |
| | $3 | LIBNET\UAF\0000020288 |
| | $a | Россия |
| | $x | Внешняя торговля |
| | $y | Соединенные Штаты Америки |
| | $z | нач. 20 в. |
| | $j | Документы и материалы |
| 607 | ## | $2 | prlib_sh |
| | $3 | LIBNET\UAF\0000020289 |
| | $a | Соединенные Штаты Америки |
| | $x | Внешняя торговля |
| | $y | Россия |
| | $z | нач. 20 в. |
| | $j | Документы и материалы |
| 617 | ## | $a | Соединенные Штаты Америки |
| | $2 | prlib_sh |
| 617 | ## | $a | Финляндия |
| | $2 | prlib_sh |
| 686 | ## | $a | 63.3(2)533-64(7Сое)53ю11 |
| | $v | LBC/M |
| | $2 | rubbk |
| 686 | ## | $a | 65.428-18(2)ю1 |
| | $v | LBC/M |
| | $2 | rubbk |
| 801 | #0 | $a | RU |
| | $b | ПБ им. Б.Н. Ельцина |
| | $c | 20130703 |
| | $g | rcr |
| 801 | #1 | $a | RU |
| | $b | ПБ им. Б.Н. Ельцина |
| | $c | 20130703 |
| | $2 | rusmarc |
| 801 | #2 | $a | RU |
| | $b | ПБ им. Б.Н. Ельцина |
| | $c | 20130805 |
| | $g | RCR |
| | $2 | rusmarc |
| 850 | ## | $a | Федеральное казенное учреждение "Российский государственный исторический архив" |
| 852 | ## | $a | РГИА. |
| | $b | Ф. 1276. |
| | $g | Оп. 1. |
| | $j | Д. 249. |
| 035 | ## | $a | LIBNET\0000356924 |
| 937 | ## | $d | 30858366 |
| | $h | РГИА |
| 461 | #0 | $1 | 001c7912e80-a322-4844-9992-beca65726c82 |
| | $1 | 2001 |
| | $a | Совет министров (1905-1917) |
| | $1 | 251 |
| | $c | Фонд |
| | $1 | 852 |
| | $j | 1276 |
| 462 | #0 | $1 | 00135bedf7e-aeb4-4213-a3e0-ceab91092f15 |
| | $1 | 2001 |
| | $a | 1904-1917 гг. |
| | $v | Д. 249 |
| | $1 | 251 |
| | $c | Опись |
| | $1 | 852 |
| | $j | 18 |
| 251 | ## | $c | Дело |